Engineering for dairy and food products / (Record no. 2348)

MARC details
000 -LEADER
fixed length control field 00757nam a22002297a 4500
001 - CONTROL NUMBER
control field BD-DhSAU 2348
003 - CONTROL NUMBER IDENTIFIER
control field BD-DhSAU
005 - DATE AND TIME OF LATEST TRANSACTION
control field 20150128100941.0
008 - FIXED-LENGTH DATA ELEMENTS--GENERAL INFORMATION
fixed length control field 150127s1963 ii a||||r|||| 001 0 eng d
040 ## - CATALOGING SOURCE
Original cataloging agency BD-DhSAU
082 ## - DEWEY DECIMAL CLASSIFICATION NUMBER
Edition number 22
Classification number 637.12
Item number FAE
100 ## - MAIN ENTRY--PERSONAL NAME
Personal name Farrall, Arthur William
245 ## - TITLE STATEMENT
Title Engineering for dairy and food products /
Statement of responsibility, etc. Arthur William Farrall
260 ## - PUBLICATION, DISTRIBUTION, ETC. (IMPRINT)
Place of publication, distribution, etc. New Delhi :
Name of publisher, distributor, etc. Wiley Eastern Private LTD. ,
Date of publication, distribution, etc. c1963.
300 ## - PHYSICAL DESCRIPTION
Extent xv, 974 p. :
Other physical details ill.
Dimensions 23 cm.
504 ## - BIBLIOGRAPHY, ETC. NOTE
Bibliography, etc Includes index.
590 ## - Name of Cataloguer
Name of Cataloger erfat
650 ## - SUBJECT ADDED ENTRY--TOPICAL TERM
Topical term or geographic name as entry element Dairying.
650 ## - SUBJECT ADDED ENTRY--TOPICAL TERM
Topical term or geographic name as entry element Food industry and trade.
650 ## - SUBJECT ADDED ENTRY--TOPICAL TERM
Topical term or geographic name as entry element Sütçülük.
856 ## - ELECTRONIC LOCATION AND ACCESS
Uniform Resource Identifier <a href="http://catalog.loc.gov/vwebv/holdingsInfo?searchId=22318&recCount=25&recPointer=2&bibId=8914051">http://catalog.loc.gov/vwebv/holdingsInfo?searchId=22318&recCount=25&recPointer=2&bibId=8914051</a>
942 ## - ADDED ENTRY ELEMENTS (KOHA)
Source of classification or shelving scheme Dewey Decimal Classification
Koha item type Book
Holdings
Withdrawn status Lost status Source of classification or shelving scheme Damaged status Not for loan Home library Branch Name Shelving location Date acquired Total Checkouts Full call number Barcode Date last seen Price effective from Koha item type
    Dewey Decimal Classification     SAU Library SAU Library General Stacks 02/11/1978   637.12 FAE 1549 27/01/2015 27/01/2015 Book
    Dewey Decimal Classification     SAU Library SAU Library General Stacks 02/11/1978   637.12 FAE 1558 27/01/2015 27/01/2015 Book
    Dewey Decimal Classification     SAU Library SAU Library General Stacks 02/11/1978   637.12 FAE 1556 27/01/2015 27/01/2015 Book
    Dewey Decimal Classification     SAU Library SAU Library General Stacks 02/11/1978   637.12 FAE 1561 27/01/2015 27/01/2015 Book
    Dewey Decimal Classification     SAU Library SAU Library General Stacks 02/11/1978   637.12 FAE 1554 27/01/2015 27/01/2015 Book
    Dewey Decimal Classification     SAU Library SAU Library General Stacks 02/11/1978   637.12 FAE 1551 27/01/2015 27/01/2015 Book
    Dewey Decimal Classification     SAU Library SAU Library General Stacks 02/11/1978   637.12 FAE 1555 27/01/2015 27/01/2015 Book
    Dewey Decimal Classification     SAU Library SAU Library General Stacks 02/11/1978   637.12 FAE 1557 27/01/2015 27/01/2015 Book
    Dewey Decimal Classification     SAU Library SAU Library General Stacks 02/11/1978   637.12 FAE 1560 27/01/2015 27/01/2015 Book
    Dewey Decimal Classification     SAU Library SAU Library General Stacks 02/11/1978   637.12 FAE 1550 27/01/2015 27/01/2015 Book
    Dewey Decimal Classification     SAU Library SAU Library General Stacks 02/11/1978   637.12 FAE 1548 27/01/2015 27/01/2015 Book
    Dewey Decimal Classification     SAU Library SAU Library General Stacks 02/11/1978   637.12 FAE 1552 27/01/2015 27/01/2015 Book
    Dewey Decimal Classification     SAU Library SAU Library General Stacks 02/11/1978   637.12 FAE 1547 27/01/2015 27/01/2015 Book
    Dewey Decimal Classification     SAU Library SAU Library General Stacks 02/11/1978   637.12 FAE 1562 27/01/2015 27/01/2015 Book
    Dewey Decimal Classification     SAU Library SAU Library General Stacks 02/11/1978   637.12 FAE 1559 27/01/2015 27/01/2015 Book
    Dewey Decimal Classification     SAU Library SAU Library General Stacks 02/11/1978   637.12 FAE 1563(d) 27/01/2015 27/01/2015 Book
    Dewey Decimal Classification     SAU Library SAU Library General Stacks 21/11/1998   637.12 FAE 1553 27/01/2015 27/01/2015 Book